000 00649nam a2200205 a 4500
001 BRCA_1515
005 20190320203447.0
008 890801s1987 mx-a---##b---#000-0#spa-#
041 _aspa
044 _amx
050 4 _aN910.Z32
_b.M87 1987
245 1 0 _aEl Museo Pedro Coronel de Zacatecas.
260 _aZacatecas, México
_bGobierno del Estado de Zacatecas : Instituto Zacatecano de Cultura
_c1987
300 _a111 p.
_bil. (algunas a color)
_c26 cm.
504 _aBibliografía: p. 36
610 2 4 _aMuseo Pedro Coronel
_vCatálogos
_94924
650 1 4 _aArte
_vCatálogos
_94925
650 1 4 _aArte
_vCatálogos
_zMéxico
_94926
942 _2lcc
_cB
999 _c1370
_d1370